University Home | Library Home | Institutional Repository

The multiple identities of the middle east/ (Record no. 118469)

MARC details
000 -LEADER
fixed length control field 00576cam a2200193 4500
008 - FIXED-LENGTH DATA ELEMENTS--GENERAL INFORMATION
fixed length control field 121113n 000 0 eng u
020 ## - INTERNATIONAL STANDARD BOOK NUMBER
International Standard Book Number 0805211187
035 ## - SYSTEM CONTROL NUMBER
System control number (Sirsi) a177700
040 ## - CATALOGING SOURCE
Original cataloging agency CIP
050 ## - LIBRARY OF CONGRESS CALL NUMBER
Classification number BF 698.2 BER 1999
100 ## - MAIN ENTRY--PERSONAL NAME
Personal name Lewis, Bernard.
245 ## - TITLE STATEMENT
Title The multiple identities of the middle east/
Statement of responsibility, etc. Bernard Lewis
260 ## - PUBLICATION, DISTRIBUTION, ETC.
Place of publication, distribution, etc. Newyork :
Name of publisher, distributor, etc. Shocken books,
Date of publication, distribution, etc. 1999.
300 ## - PHYSICAL DESCRIPTION
Extent xi, 155p. :
Other physical details ill.
500 ## - GENERAL NOTE
General note
504 ## - BIBLIOGRAPHY, ETC. NOTE
Bibliography, etc. note includes bibilographic references and indexes
650 ## - SUBJECT ADDED ENTRY--TOPICAL TERM
Topical term or geographic name entry element identities
650 ## - SUBJECT ADDED ENTRY--TOPICAL TERM
Topical term or geographic name entry element identities - personality (psycology)

No items available.

© 2026 - The University of Zambia Library - Koha v25.11